Innovation, unemployment and policy in the theories of growth and distribution /

Bibliographic Details
Other Authors: Salvadori, Neri, Balducci, Renato, 1947-
Format: Book
Language:English
Published: Cheltenham, UK ; Northampton, MA : E. Elgar, [2005]
Subjects:

MARC

Tag First Indicator Second Indicator Subfields
LEADER 00000cam a22000004a 4500
001 in00002105921
005 20151103050853.0
008 050706s2005 enka b 001 0 eng
010 |a  2005049480 
020 |a 1845423216 
035 |a (OCoLC)ocm60856207 
040 |a DLC  |c DLC  |d BAKER  |d BWKUK  |d UtOrBLW 
042 |a pcc 
049 |a TXAM 
050 0 0 |a HD75  |b .I54 2005 
082 0 0 |a 339  |2 22 
245 0 0 |a Innovation, unemployment and policy in the theories of growth and distribution /  |c edited by Neri Salvadori and Renato Balducci. 
264 1 |a Cheltenham, UK ;  |a Northampton, MA :  |b E. Elgar,  |c [2005] 
264 4 |c ©2005 
300 |a xxiv, 310 pages :  |b illustrations ;  |c 24 cm. 
336 |a text  |b txt  |2 rdacontent 
337 |a unmediated  |b n  |2 rdamedia 
338 |a volume  |b nc  |2 rdacarrier 
504 |a Includes bibliographical references and index. 
650 0 |a Economic development. 
650 0 |a Income distribution. 
650 0 |a Technological innovations  |x Economic aspects. 
650 0 |a Unemployment. 
700 1 |a Salvadori, Neri. 
700 1 |a Balducci, Renato,  |d 1947- 
938 |a Baker & Taylor  |b BKTY  |c 120.00  |d 120.00  |i 1845423216  |n 0006517241  |s active  |z B&T Title: Innovation, Unemployoment And Policy in the Theories of Growth And Distribution 
945 |i PromptCat 
947 |a A14832760895 
948 |a cataloged  |b h  |c 2006/3/9  |d c  |e achopde  |f 3:15:07 pm 
994 |a 92  |b TXA 
999 |a MARS 
999 f f |s 758649b0-6642-37b1-ae5c-667d27939fe8  |i d74dda7b-3bac-3b41-90b1-23970875fb5e  |t 0 
952 f f |p ric  |a Texas A&M University  |b Rellis Campus  |c Joint Library Facility  |d Remote Storage  |t 0  |e HD75 .I54 2005  |h Library of Congress classification  |i unmediated -- volume  |m A14832760895 
998 f f |a HD75 .I54 2005  |t 0  |l Remote Storage